Catálogo
 En Linea

CARICOM, Central America and the free trade agreement of the Americas / (Registro nro. 39398)

Detalles MARC
000 -CABECERA
campo de control de longitud fija 00614nam a2200181 a 4500
001 - NÚMERO DE CONTROL
campo de control 000039908
005 - FECHA Y HORA DE LA ÚLTIMA TRANSACCIÓN
campo de control 20240228090831.0
008 - DATOS DE LONGITUD FIJA--INFORMACIÓN GENERAL
campo de control de longitud fija 130729s1998 ja 000 0 spa d
040 ## - FUENTE DE LA CATALOGACIÓN
Centro catalogador/agencia de origen DO-SdBNP
Lengua de catalogación spa
Centro/agencia transcriptor BNPHU
041 17 - CÓDIGO DE LENGUA
Código de lengua del texto/banda sonora o título independiente eng
245 00 - MENCIÓN DE TÍTULO
Título CARICOM, Central America and the free trade agreement of the Americas /
Mención de responsabilidad, etc. Norman Girvan, Miguel Ceara Hatton.
260 ## - PUBLICACIÓN, DISTRIBUCIÓN, ETC.
Lugar de publicación, distribución, etc. Kingston, Jamaica :
Nombre del editor, distribuidor, etc. Friedrich Ebert Stiftung,
Fecha de publicación, distribución, etc. 1998.
300 ## - DESCRIPCIÓN FÍSICA
Extensión 47 p. ;
Dimensiones 24 cm.
504 ## - NOTA DE BIBLIOGRAFÍA, ETC.
Nota de bibliografía, etc. Bibliografía : p. 36-37
700 1# - PUNTO DE ACCESO ADICIONAL--NOMBRE DE PERSONA
Nombre de persona Girvan, Norman
9 (RLIN) 66112
700 1# - PUNTO DE ACCESO ADICIONAL--NOMBRE DE PERSONA
Nombre de persona Ceara-Hatton, Miguel
9 (RLIN) 1685
710 2# - PUNTO DE ACCESO ADICIONAL--NOMBRE DE ENTIDAD CORPORATIVA
Nombre de entidad corporativa o nombre de jurisdicción como elemento de entrada Friedrich Ebert Stiftung,
9 (RLIN) 66113
Existencias
Estado de retiro Estado de pérdida Restricciones de uso No para préstamo Código de colección Localización permanente Ubicación/localización actual Ubicación en estantería Fecha de adquisición Número de inventario Total de préstamos Signatura topográfica completa Código de barras Fecha visto por última vez Precio válido a partir de Tipo de ítem Koha
      Excluido de préstamo Monografías: Libros y Folletos General General En catalogación 29.07.2013 LF1   39908-10 25.06.2020 25.06.2020 No se presta

Con tecnología Koha